Sociology : (Record no. 1386)
[ view plain ]
| 000 -LEADER | |
|---|---|
| fixed length control field | nam a22 a 4500 |
| 005 - DATE AND TIME OF LATEST TRANSACTION | |
| control field | 20170509123607.0 |
| 008 - FIXED-LENGTH DATA ELEMENTS--GENERAL INFORMATION | |
| fixed length control field | 170509b1993 xxu||||| |||| 00| 0 eng d |
| 020 ## - INTERNATIONAL STANDARD BOOK NUMBER | |
| International Standard Book Number | 0673521230 |
| 040 ## - CATALOGING SOURCE | |
| Original cataloging agency | AKMAL |
| 082 00 - DEWEY DECIMAL CLASSIFICATION NUMBER | |
| Classification number | 301 ESH |
| 090 ## - LOCALLY ASSIGNED LC-TYPE CALL NUMBER (OCLC); LOCAL CALL NUMBER (RLIN) | |
| Classification number (OCLC) (R) ; Classification number, CALL (RLIN) (NR) | 301 |
| Local cutter number (OCLC) ; Book number/undivided call number, CALL (RLIN) | ESH |
| 100 1# - MAIN ENTRY--PERSONAL NAME | |
| Personal name | Eshleman, J. Ross. |
| 9 (RLIN) | 2726 |
| 245 ## - TITLE STATEMENT | |
| Title | Sociology : |
| Remainder of title | an introduction / |
| Statement of responsibility, etc. | J. Ross Eshleman, Barbara G. Cashion, Laurence A. Basirico |
| 250 ## - EDITION STATEMENT | |
| Edition statement | 4th ed. |
| 260 ## - PUBLICATION, DISTRIBUTION, ETC. | |
| Place of publication, distribution, etc. | New York, N.Y. : |
| Name of publisher, distributor, etc. | HarperCollins, |
| Date of publication, distribution, etc. | 1993. |
| 300 ## - PHYSICAL DESCRIPTION | |
| Extent | xx,642p. |
| Dimensions | cm |
| 500 ## - GENERAL NOTE | |
| General note | Previous ed.: Glenview, Ill.: Scott, Foresman/Little, Brown, 1988. |
| 599 ## - LOCAL NOTE | |
| Local Note | DALAM PROSES |
| 650 #0 - SUBJECT ADDED ENTRY--TOPICAL TERM | |
| Topical term or geographic name entry element | Sociology |
| 9 (RLIN) | 2700 |
| 700 1# - ADDED ENTRY--PERSONAL NAME | |
| Personal name | Cashion, Barbara G, Basirico, Laurence A. |
| 9 (RLIN) | 2727 |
| 852 41 - LOCATION | |
| Location | British Library |
| Sublocation or collection | DSC |
| 942 ## - ADDED ENTRY ELEMENTS (KOHA) | |
| Source of classification or shelving scheme | |
| Koha item type | Book |
| Withdrawn status | Lost status | Source of classification or shelving scheme | Damaged status | Not for loan | Collection code | Home library | Current library | Shelving location | Date acquired | Inventory number | Total Checkouts | Full call number | Barcode | Date last seen | Price effective from | Koha item type |
|---|---|---|---|---|---|---|---|---|---|---|---|---|---|---|---|---|
| NON-FICTION | AKMAL Melaka | AKMAL Melaka | PINJAMAN | 09.05.2017 | 300102 | 301 ESH | 201702623 | 09.05.2017 | 09.05.2017 | Book |
